000 00440nam a2200157Ia 4500
003 GCL
008 140319s9999 xx 000 0 eng d
040 _aGCL /
_cGCL
082 0 4 _a666
_bRM
100 1 _aRICHERSON, DAVID W.
245 1 0 _aModern Ceramic Engineering: Properties, Processing and use in Design /
_cRICHERSON, DAVID W.
260 _a[S.N] :
_bMORCEL DEKKER ،
_c1992
300 _a860
650 0 4 _aCERAMICS
942 _2ddc
_cBK
999 _c20676
_d20676